Quizzes
Events
Quiz Creation
Community
Videos
Private Events
Remove Ads
Sign In
Join for FREE
Feedback
Dark Mode
Quiz Categories
Sports
Geography
Music
Movies
Television
Just For Fun
Miscellaneous
History
Literature
Language
Science
Gaming
Entertainment
Religion
Holiday
For Kids
Quiz Lab
Recent
Popular Today
Quiz Kudos Today
Editor Picks
Curator Picks
Quizzes by...
Day
Popularity
Type
Ratings
Length
Year
Community
Subscriptions
Recent Discussions
Orange Saloon
Badges
Playlists
Quests
Create
Leaderboards
Showdown
Live 5
Trivia Bingo
Activity
Puzzle Library
Sporcle Events
Private Events
Virtual Trivia
Globe League
Become a Host
Pub Owners
SporcleCon
Opinionation
Our Games
Videos
Blog
Mobile Apps
Partnerships
Remove Ads and Go Orange
Feedback
Sports
Athletes
MLB
NBA
NHL
NFL
Soccer
Sports Teams
WWE
NCAA
Football
Premier League
Basketball
Baseball
Hockey
Golf
Tennis
Cricket
Rugby
Auto Racing
Olympics
World Cup
Sports
Athletes
MLB
NBA
NHL
NFL
Soccer
Sports Teams
WWE
NCAA
Football
Premier League
Basketball
Baseball
Hockey
Golf
Tennis
Cricket
Rugby
Auto Racing
Olympics
World Cup
Random Quiz
Search Sporcle
×
Quiz Lab
Quiz Lab
Sports
Los Angeles Angels
Type in answers that appear in a list
Type in answers that appear in a list
Classic
Best Score? Go Orange.
Angels hit leaders Stats
Can you name the all-time hit leaders for the Los Angeles Angels of Anaheim?
By
moose2438
12m
72 Questions
293 Plays
293 Plays
293 Plays
Comments
Comments
Give Quiz Kudos
Give Quiz Kudos
-
- Ratings
hide this ad
Replay
Link that replays current quiz
Next Quiz
Link to next quiz in quiz playlist
You Got
0%
They Got
Avg Score
41%
Avg Friend Score
Upgrade to see
Score Distribution
Jump to the score distribution portion of the page
Score
0/72
Timer
12:00
0
Plays Today
# of hits
Player
% Correct
2368
Garret Anderson
95.2%
1674
Tim Salmon
95.2%
1034
Vladimir Guerrero
91.5%
968
Rod Carew
85.7%
748
Troy Glaus
83.3%
557
Reggie Jackson
82.3%
430
Ron Jackson
81.9%
1505
Darin Erstad
80.5%
1103
Bobby Grich
80.5%
1588
Brian Downing
78.2%
1045
Chone Figgins
72.4%
961
Wally Joyner
71.7%
813
Don Baylor
70%
768
Jim Edmonds
67.6%
1408
Jim Fregosi
67.2%
678
Bengie Molina
66.2%
935
Adam Kennedy
65.9%
765
Doug DeCinces
64.8%
614
David Eckstein
64.2%
973
Chili Davis
62.8%
742
Bob Boone
60.4%
398
Howie Kendrick
57.3%
309
Erick Aybar
54.3%
966
Gary DiSarcina
53.6%
551
Devon White
52.2%
456
Fred Lynn
50.9%
474
Scott Spiezio
48.8%
314
Mo Vaughn
48.5%
798
Dick Schofield
44.7%
451
Gary Pettis
44%
441
Maicer Izturis
43.7%
455
J.T. Snow
43.3%
461
Juan Rivera
42.3%
335
Lance Parrish
39.6%
502
Orlando Cabrera
37.2%
312
Gary Matthews, Jr.
33.4%
# of hits
Player
% Correct
493
Johnny Ray
33.4%
311
Casey Kotchman
32.1%
628
Luis Polonia
31.1%
451
Leon Wagner
30.7%
370
Bob Miller
30.4%
363
Rick Miller
30.4%
758
Sandy Alomar
28.7%
581
Jack Howell
28.7%
332
Dan Ford
27.6%
478
Carney Lansford
26.6%
460
Lee Thomas
24.6%
359
Joe Rudi
24.6%
396
Chad Curtis
22.2%
629
Bobby Knoop
21.8%
424
Jerry Remy
21.2%
466
Mickey Rivers
20.8%
410
Orlando Palmeiro
20.5%
631
Dave Chalk
20.5%
704
Buck Rodgers
19.8%
303
Robb Quinlan
18.4%
618
Albie Pearson
18.1%
512
Rick Reichardt
17.4%
422
Juan Beniquez
17.1%
315
Randy Velarde
17.1%
440
Jim Spencer
16%
373
Ken McMullen
14.3%
443
Leroy Stanton
13%
327
Roger Repoz
13%
367
Jay Johnstone
10.6%
344
Paul Schaal
9.6%
309
Bruce Bochte
8.9%
302
Ken Berry
7.2%
448
Billy Moran
6.5%
373
Jose Cardenal
5.1%
302
Felix Torres
5.1%
302
Tom Satriano
3.8%
Quiz Playlist
Details
Report
Send in Message
Add To Playlist
Classic:
Type in answers that appear in a list
Last Updated: Feb 16, 2017
Quiz Scoreboard
CHALLENGE
Sign Up to Join the Scoreboard
Show All
Scores
Hide
Comments
May contain spoilers
Recently Published
1-10 Letter E Words III
by El_Dandy
Language
2m
One Thing in Common: World Cities II
by knightlancer
Geography
7m
Popular People in 1961
by mucciniale
History
6m
More to Explore
Quiz From the Vault
Featured Blog Post
Where Did the Easter Bunny Come From?
hide this ad
You Might Also Like...
Tags
hit
Los Angeles Angels
Player
Today's Top Quizzes in Sports
Browse Sports
hide this ad
Top Contributed Quizzes in Sports
1
Les meilleurs buteurs des matchs entre le PSG et l’OM
2
Les entraîneurs de l'OM et du PSG au 21e siècle
3
2022 World Cup Stars
4
FIFA Club World Cup Champions
5
Name the Premier League winners with different clubs
6
La finale Lions - Afrique du Sud 2021
7
Criteria MLB: Left Handed Sluggers
8
Players with Multiple 50 Home Run Seasons
9
MLB Players with Two .350 Batting Average Seasons
10
MLB Hall of Famer by Rings
Explore More
Trending Topics
Harry Potter
Crossword
Anime
Kpop
NBA
Marvel
Disney
The Office
WWE
Song
Puzzle
Pokémon
Country
NFL
Soccer
hide this ad
More By:
moose2438
Quiz
Plays
Rating
Category
Featured
Created
MLB team hits leaders since 1990
3,154
4.15
Sports
Feb 6, 2012
Pirate Hit Leaders
2,816
5.00
Sports
Feb 8, 2010
MLB players who hit home runs in 1998
2,802
3.87
Sports
Mar 2, 2012
Toronto Blue Jays common batting orders, 2000-2019
2,633
4.60
Sports
Dec 15, 2011
MLB players who hit home runs in 2001
2,193
4.42
Sports
Feb 13, 2012
Go to Creator's Profile
Score Distribution
Quiz Creator Spotlight
moose2438
Follow
Send a Message
Quizzes Created
-
Created Quiz Play Count
-
More By This Creator
Popular Quizzes Today
1
Find the US States - No Outlines Minefield
2
Find the Countries of Europe - No Outlines Minefield
3
The Countries of the World
4
Popular People in 1961
5
1-10 Letter E Words III
6
Find the US States
7
One Thing in Common: World Cities II
8
US States
More Sports Quizzes
Most Appearances for Somerset in T20 Cricket
Quiz Lab
Trending Quizzes
Risky Map Clicking: Least Populous States A-Z
1-10 Letter F Words
1-10 Letter G Words
One Thing in Common: United Kingdom
Risky Map Clicking: Biggest States A-Z
Recently Updated
Leaping Animals
pecheneg
Reality TV Shows (A-Z)
bhenderson79
Rickey Henderson's Hall of Fame Teammates
pecheneg
Champions League XIs: Arsenal
pecheneg
Quick Pick: Celebrities in WWE's Hall of Fame
aduchscher
A-Z Keypad Blitz II
pecheneg
Multiple Oscar Actors
pecheneg
Mystery Phrase Blitz: Oscar 'Best Actors'
pecheneg
F. Scott Fitzgerald Novels
LTH
Pick 3 Villains
ddd62291
Trending Topics
Disney
Crossword
Kpop
Anime
Marvel
Harry Potter
NBA
NFL
The Office
Puzzle
Pokémon
Country
Soccer
WWE
Song
Your Account Isn't Verified!
In order to create a playlist on Sporcle, you need to verify the email address you used during registration. Go to your
Sporcle Settings
to finish the process.
Report this User
Report this user for behavior that violates our
Community Guidelines
.
Details:
Send Report
Go to the Sporcle.com Mobile Site →
Comments